000 00971nam a2200253Ia 4500
003 OSt
005 20220923215736.0
006 a|||||r|||| 00| 0
007 ta
008 220922b |||||||| |||| 00| 0 hin d
024 _a181,388
037 _cTextual
040 _aARTS
_cARTS
_bhin
041 _2hin
_ahin
082 _aO152,1N07:g(P:4), M9
100 _aभारद्वाज, राजेन्द्र प्रसाद
_9159728
245 0 _aमहादेवी के काव्य में अप्रस्तुत-विधान
246 _ahinādevī ke kāvya mean aprastuta-vidhāna
260 _aदिल्ली
_b विक्रम प्रकाशन
_c1989
300 _a283 पृ.
_ccm.
650 _aहिन्दी साहित्य
_9156264
942 _hO152,1N07:g(P:4), M9
_cTEXL
_2CC
999 _c334765
_d334765